00379 a2200133 450000500170000002000180001708200120003510000160004724500510006325000120011426000540012630000490018070000160022920250414062510.0 a0-07-042253-2 a657 MEI aMEIGS, R.F. aAccounting: The Basis for Business Decisions. a8th Ed. aNew York,bMcgraw Hill publishing company,c1990. axv,219p.: Ill.;figures& table.bIndexc25cm. aMEIGS, W.B.